Phonics activities for reading success
This unique resource provides 60 teaching/ learning units created to help special needs students learn short and long vowels, irregular vowel combinations, diphthongs, and r-controlled vowel sounds.
محفوظ في:
| المؤلف الرئيسي: | |
|---|---|
| التنسيق: | كتاب |
| اللغة: | Undetermined |
| منشور في: |
West Nyack, N.Y.
Center for Applied Research in Education
1997
|
| الموضوعات: | |
| الوسوم: |
إضافة وسم
لا توجد وسوم, كن أول من يضع وسما على هذه التسجيلة!
|
| Thư viện lưu trữ: | Trung tâm Học liệu Trường Đại học Cần Thơ |
|---|
| LEADER | 01005nam a2200229Ia 4500 | ||
|---|---|---|---|
| 001 | CTU_164381 | ||
| 008 | 210402s9999 xx 000 0 und d | ||
| 020 | |c 21.75 | ||
| 082 | |a 372.465 | ||
| 082 | |b B531 | ||
| 100 | |a Bernstein, Rosella | ||
| 245 | 0 | |a Phonics activities for reading success | |
| 245 | 0 | |c Rosella Bernstein | |
| 260 | |a West Nyack, N.Y. | ||
| 260 | |b Center for Applied Research in Education | ||
| 260 | |c 1997 | ||
| 520 | |a This unique resource provides 60 teaching/ learning units created to help special needs students learn short and long vowels, irregular vowel combinations, diphthongs, and r-controlled vowel sounds. | ||
| 650 | |a Reading,Learning disabled children,Đọc,Trẻ em tàn tật học tập | ||
| 650 | |x Phonetic method,Education (Elementary),Phương pháp ngữ âm,Giáo dục (Tiểu học) | ||
| 650 | |z United States,United States,Hoa Kỳ,Hoa Kỳ | ||
| 904 | |i Trọng Hải | ||
| 980 | |a Trung tâm Học liệu Trường Đại học Cần Thơ | ||